Score 0/16 Timer 04:00
0 Plays Today
Title Answer % Correct
___ Trek: The Motion PictureStar
98.7%
Man on the ___Moon
96.9%
The Day the ___ Stood StillEarth
96.7%
Guardians of the ___Galaxy
95.9%
Plan 9 from Outer ___Space
94.9%
___ Needs WomenMars
83.1%
___ AscendingJupiter
80.5%
Across the ___Universe
74.6%
Title Answer % Correct
The ___ StrainAndromeda
72.1%
Forbidden ___ Planet
70%
Tears of the ___Sun
65.6%
The Adventures of ___ NashPluto
62.1%
___ TroopersStarship
61.5%
___ RisingMercury
57.3%
The Twilight Saga: ___Eclipse
50%
___: CovenantAlien
47.5%

Today's Daily Dose

Missing Word
'T' Pairs

Word Ladder
Game Pieces

Get the Picture
Baseball Movies

Remove Ads.
Support Sporcle.
Get the best of Sporcle when you Go Orange. This ad-free experience offers more features, more stats, and more fun while also helping to support Sporcle. Thank you for becoming a member.

You're not logged in!

Compare scores with friends on all Sporcle quizzes.
OR
Log In

Show Comments

Extras

Top Quizzes Today


Score Distribution

Your Account Isn't Verified!

In order to create a playlist on Sporcle, you need to verify the email address you used during registration. Go to your Sporcle Settings to finish the process.

Report this User

Report this user for behavior that violates our Community Guidelines.

Details: